Digitalizácia dávkovacej výrobnej linky

Saved in:
Bibliographic Details
Main Author: Jediný-Janček, Jakub (Author)
Other Authors: Juhás, Martin (Thesis advisor)
Format: Manuscript Book
Language:Slovak
Published: 2020
Subjects:
Online Access:http://is.stuba.sk/zp/portal_zp.pl?podrobnosti=150490
Tags: Add Tag
No Tags, Be the first to tag this record!

MARC

LEADER 00000ntm a22000003a 4500
001 stuzp80131
003 SK-STU
005 20200711210752.5
007 ta
008 150427s2015----xo-----f-mn---000-0-slo-d
040 |a STU  |b slo 
041 0 |a slo 
100 1 |a Jediný-Janček, Jakub  |u 020020  |k Z4  |4 aut  |U SjF Strojnícka fakulta  |T SjF Ústav automatizácie, merania a aplikovanej informatiky  |X 81395  |U J0020  |Y 802  |7 81395 
242 0 1 |a Digitization of dosing production line  |y eng 
245 1 0 |a Digitalizácia dávkovacej výrobnej linky 
260 |c 2020 
650 4 |a RFID  |2 eng 
650 4 |a Proces Simulate  |2 eng 
650 4 |a Tecnomatix  |2 eng 
650 4 |a Digital Twin  |2 eng 
650 4 |a HMI  |2 eng 
650 4 |a PLC  |2 eng 
650 4 |a HMI  |2 slo 
650 4 |a Digitálne dvojča  |2 slo 
650 4 |a Proces Simulate  |2 slo 
650 4 |a Tecnomatix  |2 slo 
650 4 |a PLC  |2 slo 
650 4 |a RFID  |2 slo 
700 1 |a Juhás, Martin  |u 020020  |k Z1  |4 ths  |U SjF Strojnícka fakulta  |T SjF Ústav automatizácie, merania a aplikovanej informatiky  |X 2316  |U J0020  |Y 802  |7 A000002316 
856 4 |u http://is.stuba.sk/zp/portal_zp.pl?podrobnosti=150490 
996 |b 284J046450  |c J* 3240/DDP  |l JJSK  |s A  |a 24  |w stuzp80131_0001